Big Ten College Football Rivalry Trophies - Statistics

General Stats
  • This quiz has been taken 9 times
  • The average score is 7 of 17
Answer Stats
School School Trophy % Correct
Michigan Michigan State Paul Bunyan Trophy
100%
Iowa Minnesota Floyd of Rosedale
71%
Michigan Minnesota Little Brown Jug
71%
Indiana Purdue Old Oaken Bucket
71%
Indiana Michigan State Old Brass Spittoon
57%
UCLA USC Victory Bell
57%
Minneosta Penn State Governor's Victory Bell
29%
Iowa Wisconsin Heartland Trophy
29%
Iowa Nebraska Heroes Trophy
29%
Michigan State Penn State Land Grant Trophy
29%
Illinois Northwestern Land of Lincoln Trophy
29%
Minnesota Wisconsin Paul Bunyan's Axe
29%
Illinois Purdue Purdue Cannon
29%
Minnesota Nebraska $5 Bits of Broken Chair Trophy
14%
Nebraska Wisconsin Freedom Trophy
14%
Michigan Northwestern George Jewett Trophy
14%
Illinois Ohio State Illibuck
14%
No matching quizzes found
Score Distribution
Percent of People with Each Score
Percentile by Number Answered
Your Score History
You have not taken this quiz